Southville International School and Colleges
Your cart is empty.
  • Cart
  • Lists
    Public lists Eva Luna New books Lux_list list_1
    Your lists Log in to create your own lists
  • Log in to your account
  • Your cookies
  • Search history
Southville International School and Colleges
  • Advanced search
  • Recent comments
  • Most popular
  • Libraries

Log in to your account

Log in with GOOGLE


If you do not have an external account, but do have a local account, you can still log in:

  1. Home
  2. MARC view: Overpopulated Philippines /
Normal view MARC view ISBD view

Overpopulated Philippines / (Record no. 117702)

[ view plain ]
MARC details
000 -LEADER
fixed length control field 00525nam a2200181Ia 4500
008 - FIXED-LENGTH DATA ELEMENTS--GENERAL INFORMATION
fixed length control field 140529s9999 xx 000 0 und d
020 ## - INTERNATIONAL STANDARD BOOK NUMBER
International Standard Book Number 9719268888
050 ## - LIBRARY OF CONGRESS CALL NUMBER
Classification number HB 3649
Item number .An54 2009
100 ## - MAIN ENTRY--PERSONAL NAME
Personal name Ang, Armando.
245 ## - TITLE STATEMENT
Title Overpopulated Philippines /
Statement of responsibility, etc Armando Ang
260 ## - PUBLICATION, DISTRIBUTION, ETC. (IMPRINT)
Place of publication, distribution, etc [Manila, Philippines] :
Name of publisher, distributor, etc Armando Ang,
Date of publication, distribution, etc c2009.
300 ## - PHYSICAL DESCRIPTION
Extent 383 p. ;
Dimensions 23 cm.
500 ## - GENERAL NOTE
General note Includes bibliographical references and index.
521 ## - TARGET AUDIENCE NOTE
Target audience note
650 ## - SUBJECT ADDED ENTRY--TOPICAL TERM
Topical term or geographic name as entry element Philippines
General subdivision Population.
942 ## - ADDED ENTRY ELEMENTS (KOHA)
Call number prefix Local
Koha item type Books
Holdings
Withdrawn status Lost status Damaged status Home library Current library Shelving location Date acquired Cost, normal purchase price Total Checkouts Full call number Barcode Date last seen Date checked out Price effective from Koha item type
      College Library College Library Filipiniana Section 05/30/2014 450.00 1 HB 3649 .An54 2009 C16795 10/08/2019 10/01/2019 05/30/2014 Books

Overpopulated Philippines /

APA

Ang A., . (2009). Overpopulated Philippines. [Manila, Philippines]: Armando Ang.

Chicago

Ang Armando, . 2009. Overpopulated Philippines. [Manila, Philippines]: Armando Ang.

Harvard

Ang A., . (2009). Overpopulated Philippines. [Manila, Philippines]: Armando Ang.

MLA

Ang Armando, . Overpopulated Philippines. [Manila, Philippines]: Armando Ang. 2009.

  • Place hold
  • Print
  • Cite
  • Add to your cart (remove)
  • Save record
    BIBTEX Dublin Core MARCXML MARC (non-Unicode/MARC-8) MARC (Unicode/UTF-8) MARC (Unicode/UTF-8, Standard) MODS (XML) RIS
  • More searches
    Search for this title in:
    Other Libraries (WorldCat) Other Databases (Google Scholar) Online Stores (Bookfinder.com) Open Library (openlibrary.org)

Exporting to Dublin Core...

SOUTHVILLE LIBRARY

Southville International School and Colleges Library

1281 Tropical Ave. Cor. Luxembourg St., BF Homes International, Las Pinas City

Tel. No. 8256374 / 252358 Loc. 117/146

Powered by Koha